| 000 | 00571nam a2200181Ia 4500 | ||
|---|---|---|---|
| 008 | 090123s9999 xx 000 0 und d | ||
| 082 | _b40700 | ||
| 100 | _aपाठक डी.यू. | ||
| 245 | _aही कशी पाठवावी | ||
| 250 | _a1 | ||
| 260 |
_bइंद्रा पब्लिेकेशन हाऊस _c2006 |
||
| 300 | _a106 | ||
| 600 | _aपाठक डी.यू. | ||
| 630 | _aही कशी पाठवावी | ||
| 700 | _aपाठक डी.यू. | ||
| 730 | _aही कशी पाठवावी | ||
| 942 | _cBOOK | ||
| 999 |
_c78776 _d78776 |
||